The Wizard of Oz / (Record no. 31158)

MARC details
000 -LEADER
fixed length control field 01471nam a2200445Ii 4500
001 - CONTROL NUMBER
control field sjds1134873
003 - CONTROL NUMBER IDENTIFIER
control field sjds
005 - DATE AND TIME OF LATEST TRANSACTION
control field 20251118015541.0
008 - FIXED-LENGTH DATA ELEMENTS--GENERAL INFORMATION
fixed length control field 120830s2008 nyua c 000 1 eng d
020 ## - INTERNATIONAL STANDARD BOOK NUMBER
International Standard Book Number 9780141321028
020 ## - INTERNATIONAL STANDARD BOOK NUMBER
International Standard Book Number 0141321024
020 ## - INTERNATIONAL STANDARD BOOK NUMBER
International Standard Book Number 9780141341736
035 ## - SYSTEM CONTROL NUMBER
System control number 1134873
035 ## - SYSTEM CONTROL NUMBER
System control number (OCoLC)183915433
035 ## - SYSTEM CONTROL NUMBER
System control number (OCoLC)(OCoLC)183915433
035 ## - SYSTEM CONTROL NUMBER
System control number 1134873
035 ## - SYSTEM CONTROL NUMBER
System control number 1134873
035 ## - SYSTEM CONTROL NUMBER
System control number 1134873
040 ## - CATALOGING SOURCE
Original cataloging agency PABRO
Language of cataloging eng
Description conventions rda
Transcribing agency PABRO
041 ## - LANGUAGE CODE
Language code of text/sound track or separate title eng
049 ## - LOCAL HOLDINGS (OCLC)
Holding library IFAA
099 ## - LOCAL FREE-TEXT CALL NUMBER (OCLC)
Filing suffix 2008
999 ## - SYSTEM CONTROL NUMBERS (KOHA)
Koha Dewey Subclass [OBSOLETE] CHILDREN FICTION BAUM 2008
100 1# - MAIN ENTRY--PERSONAL NAME
Personal name Baum, L. Frank
Fuller form of name (Lyman Frank),
Dates associated with a name 1856-1919,
Relator term author.
245 14 - TITLE STATEMENT
Title The Wizard of Oz /
Statement of responsibility, etc. L. Frank Baum ; introduced by Cornelia Funke ; illustrations by David McKee.
260 ## - PUBLICATION, DISTRIBUTION, ETC. (IMPRINT)
Place of publication, distribution, etc. New York :
Name of publisher, distributor, etc. Puffin Books,
Date of publication, distribution, etc. 2008.
264 #1 - PRODUCTION, PUBLICATION, DISTRIBUTION, MANUFACTURE, AND COPYRIGHT NOTICE
Place of production, publication, distribution, manufacture New York :
Name of producer, publisher, distributor, manufacturer Puffin Books,
Date of production, publication, distribution, manufacture, or copyright notice 2008.
300 ## - PHYSICAL DESCRIPTION
Extent vii, 187 pages :
Other physical details color illustrations ;
Dimensions 19 cm
336 ## - CONTENT TYPE
Content type term text
Content type code txt
Source rdacontent
337 ## - MEDIA TYPE
Media type term unmediated
Media type code n
Source rdamedia
338 ## - CARRIER TYPE
Carrier type term volume
Carrier type code nc
Source rdacarrier
520 ## - SUMMARY, ETC.
Summary, etc. After a cyclone transports her to the land of Oz, Dorothy must seek out the great wizard in order to return to Kansas.
521 8# - TARGET AUDIENCE NOTE
Target audience note 1030L
Source Lexile
526 0# - STUDY PROGRAM INFORMATION NOTE
Program name Lexile
526 0# - STUDY PROGRAM INFORMATION NOTE
Program name Accelerated Reader AR
Interest level MG
Reading level 7
Title point value 7
Public note 525.
600 10 - SUBJECT ADDED ENTRY--PERSONAL NAME
Personal name Gale, Dorothy
Titles and other words associated with a name (Fictitious character)
Form subdivision Juvenile fiction.
650 #0 - SUBJECT ADDED ENTRY--TOPICAL TERM
Topical term or geographic name as entry element Oz (Imaginary place)
Form subdivision Juvenile fiction.
700 1# - ADDED ENTRY--PERSONAL NAME
Personal name McKee, David,
Relator term illustrator.
942 ## - ADDED ENTRY ELEMENTS (KOHA)
Koha item type Libro/Book
Holdings
Withdrawn status Lost status Damaged status Not for loan Home library Current library Shelving location Date acquired Total Checkouts Full call number Barcode Date last seen Price effective from Koha item type
        San Juan Del Sur -- Biblioteca San Juan Del Sur -- Biblioteca English 18/11/2025   JF BAU 30023453 18/11/2025 18/11/2025 Libro/Book

Powered by Koha